000
00282 a2200097 4500
000
nam a22 7a 4500
020
_a
9781912906031
100
_a
Sammons, Andy
245
_a
The compassionate teacher : why compassion should be at the heart of our schools
260
_b
John Catt,
_c
2019
999
_c
86357
_d
86357